LEADER 01153cam0-22003851i-450 001 990007155900403321 005 20230801142703.0 010 $a88-07-10244-7 100 $a20021021d1998----km-y0itay50------ba 101 0 $aita 102 $aIT 105 $ay-------001yy 200 1 $aAutogoverno o controllo della magistratura?$eil modello italiano di Consiglio superiore$fEdmondo Bruti Liberati , Livio Pepino 210 $aMilano$cFeltrinelli$dİ1998 215 $a211 p.$d22 cm 225 1 $aCampi del sapere 610 0 $aConsiglio superiore della magistratura 676 $a347.4$v20$zita 700 1$aBruti Liberati,$bEdmondo$f<1945- >$0381189 701 1$aPepino,$bLivio$0122328 801 0$aIT$bUNINA$gREICAT$2UNIMARC 901 $aBK 912 $a990007155900403321 952 $aXI PGR 3$fDFD 952 $aVIII F 44$b2890$fDDCIC 952 $aI A 162$b32992$fFSPBC 952 $aFL POL 45$bFL-784$fDECBC 952 $aMAR / BRU 1$b10109$fBFS 959 $aDDCIC 959 $aDFD 959 $aFSPBC 959 $aDECBC 959 $aBFS 996 $aAutogoverno o controllo della magistratura$91736212 997 $aUNINA LEADER 02295nam0 2200469 i 450 001 VAN0114624 005 20220303124520.861 017 70$2N$a978-3-319-40658-9 100 $a20180207d2016 |0itac50 ba 101 $aeng 102 $aCH 105 $a|||| ||||| 200 1 $aDigital methods and remote sensing in archaeology$earchaeology in the age of sensing$fMaurizio Forte, Stefano Campana editors 210 $a[Cham]$cSpringer$d2016 215 $aXIX, 496 p.$cill.$d24 cm 410 1$1001VAN0103266$12001 $aQuantitative methods in the humanities and social sciences$1210 $aBerlin [etc.]$cSpringer 500 1$3VAN0242097$aDigital methods and remote sensing in archaeology$91523268 606 $a68Uxx$xComputing methodologies and applications [MSC 2020]$3VANC019673$2MF 606 $a62R07$xStatistical aspects of big data and data science [MSC 2020]$3VANC026514$2MF 606 $a68T09$xComputational aspects of data analysis and big data [MSC 2020]$3VANC035916$2MF 610 $aArchaeology$9KW:K 610 $aCyber$9KW:K 610 $aGeoarchaeology & Landscape Studies$9KW:K 610 $aGeophysics Data$9KW:K 610 $aRemote Sensing Data$9KW:K 610 $aRemote sensing/photogrammetry$9KW:K 610 $aSensing$9KW:K 610 $aStatistical Models in Archaeology$9KW:K 620 $aCH$dCham$3VANL001889 702 1$aCampana$bStefano$f1970- $3VANV033026 702 1$aForte$bMaurizio$3VANV032464 712 $aSpringer $3VANV108073$4650 801 $aIT$bSOL$c20240614$gRICA 856 4 $uhttp://dx.doi.org/10.1007/978-3-319-40658-9$zE-book ? Accesso al full-text attraverso riconoscimento IP di Ateneo, proxy e/o Shibboleth 899 $aBIBLIOTECA DEL DIPARTIMENTO DI LETTERE E BENI CULTURALI$1IT-CE0103$2VAN07 899 $aBIBLIOTECA CENTRO DI SERVIZIO SBA$2VAN15 912 $fN 912 $aVAN0114624 950 $aBIBLIOTECA DEL DIPARTIMENTO DI LETTERE E BENI CULTURALI$d07CONS Ma 741 $e07UBL1675 20200928 950 $aBIBLIOTECA CENTRO DI SERVIZIO SBA$d15CONS SBA EBOOK 2202 $e15EB 2202 20180207 996 $aDigital methods and remote sensing in archaeology$91523268 997 $aUNICAMPANIA